000 00288nam a2200133Ia 4500
100 _aCamm/ F.J.
942 _cBK
654 _aWorkshop Calculations
245 _aWorkshop calculations
260 _bTaraporevala
_aBombay
_c1960
082 _a570
_bCam
546 _aENGLISH
999 _c25200
_d25200